| 000 | 01147nam a2200313 i 4500 | ||
|---|---|---|---|
| 001 | 190663 | ||
| 003 | ES-MaACL | ||
| 005 | 20240130115142.0 | ||
| 008 | 220419s2018 sp 001 0 spa | ||
| 020 | _a978-84-288-3270-0 | ||
| 080 | _a821.134.4-92"19" | ||
| 080 | _a272-662 | ||
| 080 | _a27:316.72 | ||
| 100 | 1 |
_aGonzález de Cardedal, Olegario. _958532 |
|
| 245 | 1 | 0 |
_aCultura, religión, sociedad : _bdiagnóstico en ABC y El País (2007-2017) / _cOlegario González de Cardedal. |
| 260 |
_aBoadilla del Monte (Madrid) : _bPPC, _c[2018] |
||
| 300 |
_a359 p. ; _c22 cm. |
||
| 490 | 1 |
_aActualidad ; _v166 |
|
| 500 | _aÍndices. | ||
| 594 | _aRecoge una selección de artículos escritos por el autor en los periódicos ABC y El País | ||
| 630 | 0 | 4 |
_aABC (Madrid. Ed. impresa) _9174396 |
| 630 | 3 | 4 |
_aEl País. _9174397 |
| 650 | 4 |
_aIglesia y mundo. _9136257 |
|
| 650 | 4 |
_aCristianismo y cultura. _9148276 |
|
| 830 | 1 |
_aActualidad ; _v166 _9179805 |
|
| 852 | 4 |
_aES-MaACL _jA-14936 _9197843 _bR.152239 _cDEPO1 _dOlim: N-7936 _gDedicatoria autógrafa de la editorial _hDonación: Editorial |
|
| 942 | _2udc | ||
| 999 |
_c190663 _d190663 |
||